[Event "Groningen"]
[Site "Groningen"]
[Date "1990.??.??"]
[Round "?"]
[White "Shirov, Alexei"]
[Black "Fedorowicz, John P"]
[Result "1-0"]
[WhiteElo "2580"]
[BlackElo "2565"]
[Annotator "Schussler,H"]
[PlyCount "101"]
[EventDate "1990.12.??"]
[EventType "tourn"]
[EventRounds "9"]
[EventCountry "NED"]
[EventCategory "13"]
[SourceTitle "CBM 021"]
[Source "ChessBase"]
[SourceDate "1991.04.01"]
[SourceVersion "1"]
[SourceVersionDate "1991.04.01"]
[SourceQuality "1"]

1. d4 Nf6 2. c4 a6 3. Nf3 b5 {3. - c5 intending 4.d5 b5! transposing to the
Kamchatka gambit.} 4. Nbd2 bxc4 5. Nxc4 e6 6. g3 Bb7 7. Bg2 Be7 8. O-O O-O 9.
Bf4 Bd5 10. Rc1 Nc6 11. b3 a5 12. Ne3 Be4 13. Ne5 Bxg2 14. Nxg2 Nb4 15. Qd2 Ne4
16. Qb2 Nd5 17. Qc2 f5 18. f3 Nef6 19. Bd2 c6 20. e4 fxe4 21. fxe4 Nb4 22. Qb1
Qb6 23. Be3 Qb7 24. a3 Na6 25. Nc4 Nc7 26. a4 Rfb8 27. Bf4 Ra7 28. Rf3 c5 29.
Bxc7 Qxc7 30. d5 exd5 31. exd5 Nxd5 $2 32. Qe4 Qc6 33. Rf5 Bf6 34. Rxd5 Bd4+
35. Kh1 Qe6 36. Qxe6+ dxe6 37. Rd6 Rxb3 38. Rxe6 h6 39. Nf4 Rb4 40. Ne5 Ra8 41.
Nd5 Rb2 42. Nc6 Rf8 43. Nxd4 cxd4 44. Nf4 Ra2 45. Re7 d3 46. Nxd3 Rd8 47. Nf4
Rdd2 48. h4 Kh7 49. Nh5 Kg6 50. Rxg7+ Kf5 51. Rf1+ 1-0

[Event "St Petersburg op"]
[Site "St Petersburg"]
[Date "1995.??.??"]
[Round "4"]
[White "Neverov, Valeriy"]
[Black "Bologan, Viktor"]
[Result "1-0"]
[WhiteElo "2490"]
[BlackElo "2540"]
[Annotator "Shipov,S"]
[PlyCount "89"]
[EventDate "1995.05.??"]
[EventType "swiss"]
[EventRounds "9"]
[EventCountry "RUS"]
[SourceTitle "CBM 046 Extra"]
[Source "ChessBase"]
[SourceDate "1995.07.01"]
[SourceVersion "1"]
[SourceVersionDate "1995.07.01"]
[SourceQuality "1"]

1. d4 Nf6 2. Nf3 e6 3. c4 Nc6 4. a3 (4. g3) (4. Nc3) 4... d5 (4... d6 $5 5. Nc3
g6 6. e4 Bg7 7. Be2 O-O 8. O-O Re8 9. Bg5 h6 10. Bh4 g5 11. Bg3 Nh5 $10 {
Naumkin,I-Titov,G/POL/1992/}) 5. e3 (5. Nc3 g6 (5... a6 6. cxd5 $1 exd5 7. Bg5
Be7 8. e3 O-O 9. Bd3 g6 10. O-O Nh5 11. Bxe7 Nxe7 12. h3 $14 {Timoshenko,
G-Naumkin,I/URS/1987/}) (5... dxc4 6. e4 Na5 $13) (5... dxc4 $5) 6. Bf4 Bg7 7.
e3 (7. Nb5 $5 O-O 8. Bxc7 $8 Qd7 9. Ne5 $5) 7... O-O 8. Qc2 Bd7 9. Rd1 a6 10.
h3 Re8 11. Bh2 $1 $16 {Sakaev,K-Blumberg,V/Groningen/1992/}) 5... g6 (5... dxc4
$5 6. Bxc4 Bd6 7. b4 a6 8. Bb2 Qe7 9. Nbd2 O-O 10. O-O Bd7 (10... e5 $1 $10)
11. Ne5 $16 {Huss,A-Summermatter,D/SUI/1992/}) 6. b4 $1 Bg7 7. Bb2 Ne4 8. Nbd2
f5 $5 (8... O-O 9. Bd3 Nxd2 10. Qxd2 dxc4 11. Bxc4 b6 (11... Ne7 {/\Bd7-c6/}))
9. Rc1 Ne7 10. Bd3 O-O 11. O-O Bd7 12. Ne5 $14 a6 (12... Bxe5 13. dxe5 Nxd2 14.
Qxd2 Bc6 15. b5 dxc4 $13) 13. Nxd7 $5 (13. Nb3 Ba4 $1) (13. f3 Nxd2 14. Qxd2
Bxe5 15. dxe5 Bc6 $14) 13... Qxd7 14. Nf3 c6 15. Ne5 Qd6 16. Qe2 b5 (16... Kh8
$5) 17. c5 Qc7 18. a4 $1 Nf6 (18... bxa4 19. Ra1 a5 20. b5 $5) 19. Ra1 g5 $1 (
19... Nd7 20. f4 $16) 20. Ra3 Nd7 21. f4 Nxe5 (21... g4 $5) 22. dxe5 d4 $5 (
22... g4 23. Rfa1 Rab8) 23. exd4 (23. Bxd4 $32 Nd5 24. Qb2 $14) 23... gxf4 24.
Rxf4 Nd5 25. Rh4 Qd8 $2 (25... Nxb4 26. Qh5 h6 27. Bc1 Qf7 $13) 26. Qh5 h6 27.
Bc1 f4 $2 28. Qg6 $1 $16 Rf7 (28... Qxh4 29. Qh7+ Kf7 30. Bg6+ $18) 29. Rxh6
Kf8 (29... Nxb4 30. Rh8+ $1 $18) 30. Qxe6 Nf6 $5 (30... Bxh6 31. Qxh6+ Ke7 32.
Qxc6 Nxb4 33. Qd6+ $18) 31. Rxf6 (31. exf6 Bxh6) 31... Qxd4+ 32. Kf1 Bxf6 33.
Qd6+ (33. exf6 Rd8 $1 34. Be2 Rxf6 35. Qh3 $18) 33... Qxd6 34. exd6 $18 bxa4 (
34... Rc8 35. axb5 axb5 36. Bf5 Re8 37. Bg6 Rg7 38. Bxe8) 35. Bd2 $1 (35. Rxa4
Bc3) 35... a5 36. Rxa4 Rfa7 37. b5 cxb5 38. Bxb5 Rb8 39. Bd3 Rb2 40. c6 $1 Rxd2
41. c7 Rd1+ 42. Ke2 Rc1 43. Rc4 Rxc4 44. Bxc4 Ra8 45. d7 1-0

[Event "Basel Hilton op 14th"]
[Site "Basel"]
[Date "2012.01.02"]
[Round "3"]
[White "Lutz, Bernhard"]
[Black "Skembris, Spyridon"]
[Result "0-1"]
[WhiteElo "2321"]
[BlackElo "2463"]
[Annotator "Skembris,S"]
[PlyCount "130"]
[EventDate "2012.01.01"]
[EventType "swiss"]
[EventRounds "7"]
[EventCountry "SUI"]
[SourceTitle "CBM 146 Extra"]
[Source "ChessBase"]
[SourceDate "2012.02.29"]
[SourceVersion "1"]
[SourceVersionDate "2012.02.29"]
[SourceQuality "1"]

{In my CBM article about the flexible 3...a6 I mentioned some sidelines, where
only a few games had been played so far. So here I present two of the most
important sidelines, which were played in recent games, as un update to the
article. I'm sure we are going to see more games in these lines, because there
are still a lot of possibilities to explore.} 1. d4 Nf6 2. c4 e6 3. Nf3 a6 4.
Nc3 c5 5. d5 b5 6. Bg5 b4 7. Ne4 ({I had analysed this position with a student
of mine, who had to face the new move} 7. Na4 $5 d6 8. e4 ({after} 8. Bxf6 gxf6
9. g3 Nd7 10. Bg2 Rb8 11. O-O Be7 {the position is dynamically balanced, as
Black has a somewhat weaker pawn structure on the kingside, but he has also
the two bishops, and the white knight on a4 may become a target.}) 8... Nbd7 9.
Qc2 {White's plan is to finish his development and enjoy his space advantage
and control of the centre.} (9. dxe6 fxe6 $132) 9... h6 ({The text move is not
really wrong, but I'd prefer} 9... Be7 $5) 10. Bd2 e5 $6 {But this move I
don't like as it closes the centre and gives White the time to finsih his
development comfortably.} (10... Be7 $142 $5) 11. h4 {This aggressive move
cannot be the best answer to Black's last move.} (11. a3 $5 {is more in the
spirit of the position} a5 $140 12. g3 Be7 13. Bg2 O-O 14. O-O $36) 11... g6
12. g3 Ng4 $6 {1-0 Moor,O (2370)-Kummle, T (2088)/ Zurich 27/12/2011 (51).
After this White takes control of the game and enjoys a long lasting
initiative and space advantage, which is very annoying for Black in a
practical game.} (12... Nb6 $5 $132 {was better:} 13. a3 $140 ({after} 13. Nxb6
Qxb6 {Black gets a nicely playable game}) 13... Nxa4 14. axb4 $5 (14. Qxa4+ Bd7
15. Qc2 b3 $5 $132) 14... Nb6 15. bxc5 Bg4 $1 16. Be2 Bxf3 17. Bxf3 dxc5 {
and White has to prove his compensation.})) 7... Be7 $5 {An interesting
positional continuation which avoids doubled f-pawns.} 8. d6 {I mentioned this
move in the article, but didn't go a lot further, since it was hardly ever
played. Black should be ok, but the position is not so simple.} ({The
alternatives} 8. Bxf6) ({and} 8. Nxf6+ {are examinated in the article.}) 8...
Nxe4 {Black has to pick up the gauntlet. .} 9. Bxe7 ({After} 9. dxe7 Qb6 {
Black sooner or later will find a way to pick up the pawn on e7.}) 9... Qb6 $5
$146 {An interesting novelty which I found during the game.} ({In my article I
analysed only} 9... Qa5 {as this had been played in the only game I found.} 10.
b3 ({Another interesting move is} 10. e3 $5 b3+ $140 11. Nd2 Nc6 12. axb3 Qxd2+
13. Qxd2 Nxd2 14. Kxd2 Nxe7 15. dxe7 Kxe7 $132) 10... Nc6 11. Qd3 f5 12. g4
Nxe7 13. dxe7 Qb6 14. Rg1 g6 15. Rd1 Ra7 16. h4 Nc3 17. Rd2 Ne4 18. Rd1 Nc3 {
1/2-1/2 Gefenas,V-Sellberg,J/ICCF corr 1988/Corr 2004}) 10. Qd3 {This gives
the upper hand to Black.} ({The best try for White was the direct} 10. Ng5 Nxg5
11. Bxg5 O-O $36 12. e3 $140 f6 13. Bh4 Nc6 14. Bd3 Ne5 15. O-O Bb7 $132) ({
After} 10. e3 b3 $132 11. axb3 $140 Qb4+ 12. Nd2 (12. Ke2 Nc6 $44) 12... Nc6
13. Bh4 Nxd6 14. Ra4 Qb6 $132) 10... Bb7 11. Nd2 $6 ({One of the points of ...
Qb6 is that after} 11. e3 Nc6 $36 {Black gets the initiative as the Bb7 is
protected:} 12. Bh4 $140 (12. Qxe4 Nxe7 $15 13. Qg4 $140 Ng6) 12... Na7 13. Bg3
Nc8 $15 14. O-O-O a5 15. Ne5 a4 $40) 11... Nxd2 12. Qxd2 ({Maybe White had
counted on} 12. Qg3 $5 {but Black can claim a better game with} Rg8 $1 13. Qh4
({or} 13. Kxd2 Nc6 14. Qh4 $140 (14. Bh4 g5 $1) 14... h6 {with transposition
to the above line}) 13... Nc6 $17 14. Kxd2 h6 15. e3 g5 16. Qxh6 Nxe7 17. dxe7
Kxe7 $17) 12... f6 $1 $15 {Black soon will be a pawn up, but the game isn't
over yet, as he has to find a safe place for his king.} 13. Qf4 (13. e3 $142)
13... Nc6 $1 14. Qg4 (14. Bxf6 O-O $19) 14... Nxe7 15. dxe7 ({Or} 15. Qxg7 {
Just} Ng6 $19) 15... g6 16. Rd1 (16. O-O-O Qc7 $1 $17) 16... Kxe7 17. e4 {
Black is a pawn up and has the advantage, but in a practical game it's still
not so simple because of his unsafe king.} Qc7 $1 {From here the black queen
controls the important diagonal h2-b8.} 18. Bd3 {White just wants to castle
and play f4, after which he will get more realistic compensation.} h5 $1 $17 {
The best way to fight against White's plans.} 19. Qe2 (19. Qxg6 $4 Rag8 $19)
19... g5 {X f4} 20. O-O Qe5 {Now the black queen controls all the board.} 21.
Bc2 Bc6 22. Qe3 {Still with the idea f4.} Rag8 23. a3 $2 ({According to the
silicon monsters the best way for White was} 23. f3 $142 {after which Black is
better but has to play carefully:} d6 24. Rd2 Rd8 $17 25. g3 $140 h4 26. f4
gxf4 27. gxf4 Qxb2 $1 $17 28. Ba4 $140 Qc3 29. Rd3 Qxc4 $1 30. Bxc6 Rc8 $17 31.
Bd5 $140 exd5 32. exd5+ Kd8 $19) 23... a5 ({Rybka proposes} 23... Qxb2 {
which didn't cross my mind as I had no intention to give up c5:} 24. Qxc5+ Kf7
25. Bd3 b3 {and Black is better.}) 24. Rd2 g4 25. Kh1 h4 $17 {Black controls
all the important squares.} 26. f4 $2 $138 {Playing into Black's hands.} ({
The modest} 26. Kg1 {was better.}) 26... gxf3 27. gxf3 f5 $1 $19 {Now Black is
winning but of course he still needs to be careful.} 28. Rfd1 f4 29. Qe1 h3 30.
Re2 Qxb2 31. Ba4 Qxa3 32. Qf2 Qxa4 {In time trouble this seemd safer to me,
but actually here White still gets some play against the king.} (32... Bxa4 {
is a lot clearer, because the attack against f3 ties down the White forces and
the game would be over soon.}) 33. Qxc5+ Ke8 34. Qd6 {White gets hopes for
some perpetual.} Rh4 35. Red2 Rg7 $138 (35... b3 $19 {is the cool proposition
of the machine.}) 36. Qb8+ Ke7 37. Qd6+ Kf7 38. Qc7 Rg8 $1 (38... Kg6 $2 39.
Qd8 $1 $40) 39. Rd6 (39. Rxd7+ Bxd7 40. Rxd7+ Kg6 $19) 39... Re8 $2 {
Unnecessary protective.} ({Of course the cool} 39... Kf6 $19 {wins easily. As
I already said the one thing Black has to take care of is the position of his
king.}) 40. Rxd7+ Bxd7 41. Rxd7+ {The time trouble is over and sadly I saw
that if I want to win the game I have to give up my queen... and to try to win
the game again.} Qxd7 (41... Kg6 42. Rg7+ Kf6 43. Rf7+ {is just a perpetual} ({
or} 43. e5+ Kf5 44. Qf7+ Kxe5 45. Qc7+ Kf6)) 42. Qxd7+ Re7 43. Qb5 Rh8 $2 {
Still in shock I made my life more difficult.} (43... Rh6 $1 $19 44. Kg1 (44.
Qxa5 b3 45. Qb5 Ra7 46. Qe5 $140 Rb7 $19) (44. Qe5 Rg6 45. Qh5 Kg7 $19) 44...
Rg6+ 45. Kf1 Rc7 $1 46. Ke2 Rg2+ 47. Kd1 Kf6 48. Qb8 Rd7+ 49. Kc1 Ke7 $1 50.
Qxf4 $140 b3 $40) ({Another way to win was} 43... b3 $1 44. Qxb3 $140 Rd7 45.
Kg1 {and now} Rh8 $40 46. Kf1 $140 Rhd8 $19) 44. Qe5 $1 {Of course now White
tries for a perpetual.} Rd7 45. Qxf4+ Ke8 46. Kg1 Rg8+ 47. Kf2 Rg2+ 48. Ke3
Rgd2 49. Qe5 R7d3+ 50. Kf4 Kf7 51. Qxa5 b3 {The only way to try to win.} 52.
Qc7+ $138 ({After} 52. Qh5+ {there is still a long game ahead.}) 52... Rd7 53.
Qb6 b2 54. Ke5 $2 {Finally White offers me a second chance to win the game.} (
54. Kg3 Rg2+ 55. Kxh3 Rdd2 $17) ({and} 54. c5 Kf6 55. Qb8 {gave White the best
chances to fight on.}) 54... Re7 $19 {Now I felt comfortable again.} 55. Kf4
Rxh2 (55... Kg6 $142 $1 $19) 56. Kg3 $17 Rh1 $5 $40 {The correct choice.} (
56... Re2 57. Kxh3 Rd7 $17) 57. Qxb2 Rg1+ 58. Kf4 $8 (58. Kxh3 Kg6 $19 {
and White is mated.}) 58... e5+ 59. Kf5 $8 (59. Ke3 Re1+ 60. Kd3 (60. Kf2 h2
$19) 60... Rd7+ $19) 59... Rg6 (59... Rg2 60. Qb6 h2 61. Qh6 Kg8 $17) 60. Qh2
$2 $138 {With a passive queen and the king in the mating net White has no hope
any more.} (60. f4 Kg7 $1) ({The most stubborn was} 60. Qd2 Ree6 $1 61. Qd7+
Kg8 62. Qd8+ Kh7 63. Qd7+ Kh6 64. f4 h2 65. Qd8 (65. Qd1 Rgf6+ 66. Kg4 Rxf4+
67. Kg3 Rg6+ 68. Kh3 Kg7 $19) 65... Ref6+ 66. Kxe5 Kg7 $19) 60... Re8 $40 61.
c5 Rf6+ 62. Kg5 Rg8+ 63. Kh5 Rh8+ 64. Kg5 Rg6+ 65. Kf5 Rh5# 0-1

[Event "EU-chT (Men) 11th"]
[Site "Pula"]
[Date "1997.05.??"]
[Round "9.2"]
[White "Stohl, Igor"]
[Black "Miezis, Normunds"]
[Result "1-0"]
[WhiteElo "2580"]
[BlackElo "2555"]
[Annotator "Stohl,I"]
[PlyCount "61"]
[EventDate "1997.05.05"]
[EventType "team-swiss"]
[EventRounds "9"]
[EventCountry "CRO"]
[SourceTitle "CBM 057 Extra"]
[Source "ChessBase"]
[SourceDate "1997.05.01"]
[SourceVersion "1"]
[SourceVersionDate "1997.05.01"]
[SourceQuality "1"]
[WhiteTeam "Slovakia"]
[BlackTeam "Latvia"]
[WhiteTeamCountry "SVK"]
[BlackTeamCountry "LAT"]

1. d4 Nf6 2. c4 c5 3. d5 e6 4. Nf3 exd5 5. cxd5 Bd6 $6 6. Bg5 $1 {Again we
have here Miezis and his "Snake" Benoni. But in this version it seems very
dubious, and Miezis's own score against the text move (0-4!) proves this quite
well.} (6. Nc3 Bc7 7. Bg5 (7. g4 $5 Ba5 $1 $132) 7... d6 8. e3 O-O $14) 6... h6
$5 $146 ({Miezis quite logically tries to improve on his previous attempts with
} 6... Bc7 7. d6 Ba5+ 8. Nbd2 $1 {The point of delaying the development of Nb1.
} h6 (8... Qb6 9. Bxf6 gxf6 10. Qc2 Qxd6 11. O-O-O Bxd2+ 12. Nxd2 Na6 13. Nc4
Qe6 14. Nd6+ Ke7 15. a3 b5 16. e4 c4 17. Nxb5 c3 18. Qxc3 Bb7 19. Bc4 Qe5 20.
Qxe5+ fxe5 21. Nd6 Nc5 22. Nxb7 Nxb7 23. Bxf7 $1 Nc5 24. Bd5 $18 {Roeder,
M-Miezis,N/Las Palmas op/1996/}) 9. Bh4 b5 (9... g5 10. Bg3 Nc6 11. e3 Ne4 12.
Qc2 Nxg3 13. hxg3 Qf6 14. O-O-O Bxd2+ 15. Rxd2 b6 16. Rd5 Bb7 17. Qe4+ Kd8 18.
Rf5 Qg7 19. Nxg5 $1 f6 20. Nf3 Re8 21. Qh4 $18 {Chernin,A-Miezis,N/Biel op/
1994/}) 10. e3 Qb6 11. Bxf6 gxf6 12. Be2 Bb7 13. O-O Qxd6 14. Bxb5 Rg8 15. g3
Bc7 16. Qe2 Kf8 17. Rfd1 a6 18. Bc4 Qe7 19. Qd3 Nc6 20. Qh7 Na5 21. Bd3 Qe6 22.
Be4 d5 23. Bf5 $16 {[%csl Rc5,Rd5,Rf6,Rf7,Rf8,Rh6] ק,K,Seul,G-Miezis,N/Bonn
GSK-2/1995/}) 7. Bh4 Qa5+ {I rather anticipated my opponent would play like
this,although the idea is new.} (7... g5 $6 8. Bg3 {[%csl Rg5,Rh6] ׻}) 8. Nc3
(8. Nbd2 $5 Nxd5 9. Qb3 $44 {But White has no need to complicate matters,
normal moves also give him an advantage.}) 8... Ne4 9. Qc2 f5 $6 {Black's
position can't stand this extra weakness.} (9... Nxc3 $142 10. bxc3 O-O 11. e4
Re8 12. Bd3 Bf4 $5 (12... f5 13. O-O g5 14. Bg3 $1 f4 15. e5 Bxe5 16. Bh7+ {
[%cal Rc2g6] /\Qg6+-}) (12... Bf8 13. O-O d6 14. Nd2 $1 $36 {[%csl Gd5,Ge4] [+]
}) 13. O-O d6 $14) 10. e3 Na6 (10... O-O 11. Bd3 Na6 12. Bxe4 Nb4 13. Qb1 fxe4
14. Qxe4 Qa6 15. Kd2 $1 c4 16. b3 $32 $16 {[%csl Rd6] ץd6 The poor Bd6
hampers Black's development severely, he can hardly get any compensation for
the pawn.}) 11. Bxa6 Nxc3 (11... bxa6 $143 12. O-O Nxc3 13. Qxf5 $1 Ne2+ (13...
Nb5 14. Qg6+ Kf8 15. a4 $40) 14. Kh1 $40 {[%csl Re2,Re8][%cal Rf5g6,Rf5c2,
Rf1e1] /\Qg6,Qc2,Rfe1,ע,Ne2 White gets back his piece with an ongoing attack.}
) 12. bxc3 bxa6 13. Qxf5 $1 ({Less energetic is} 13. Nd2 O-O 14. O-O Qc7 $14)
13... Qxc3+ 14. Ke2 g5 $5 {A tricky move.} ({Black will no t manage even to
exchange the Q with} 14... Qc4+ 15. Kd1 $1 (15. Qd3 $16 {_|_}) 15... Qa4+ (
15... g5 16. Qg6+ Kd8 (16... Ke7 17. Qg7+) 17. Qxd6 gxh4 18. Ne5 $18) 16. Ke1
Qa5+ 17. Kf1 Qb6 18. e4 $5 $40) 15. Bg3 $1 (15. Qg6+ $143 Ke7 16. Nxg5 $2 Qc4+
17. Ke1 (17. Kd1 $2 Qxd5+ {/\hg5}) (17. Kf3 $2 Rf8+ 18. Nf7+ Qxh4 19. Qxd6+
Kxf7 $19) 17... Qc3+ $10) 15... Bxg3 16. hxg3 d6 17. Qg6+ Ke7 18. Nd2 $1 {
[%cal Rg6d6] /\Qd6 The last difficult move, White moves his N to a better
square and protects his K simultaneously.} (18. Rhc1 Qb2+ 19. Kf1 Qf6 20. Qxf6+
Kxf6 21. Nd2 Bd7 $16 {<=>}) 18... Qf6 $6 ({Somewhat better was} 18... Bd7 $142
19. Qxd6+ $1 Kxd6 20. Ne4+ Kxd5 21. Nxc3+ Ke6 22. g4 $1 $16 {[%csl Ra6,Rc5,Rh6]
_|_ק although the endgame with numerous weak pawns shuld be technically won
for White.}) 19. Qxf6+ Kxf6 20. Nc4 (20. Ne4+ $143 $6 Ke5 21. Nxg5 $2 Bg4+ 22.
Nf3+ Kxd5 $13) 20... Ke7 21. Rab1 $1 $18 {(.) White has realized his strategic
plan in a model way, now Black is practically paralyzed.} h5 (21... Bd7 22. Rb7
Rhb8 23. Rhb1 Rxb7 24. Rxb7 $18 {[%cal Re3e5] /\e4-e5}) 22. e4 Kd7 23. e5 $5 ({
White exploits some tactics, but strong was even the simple} 23. f4 Kc7 24. e5
$18 {[%csl Gd5,Ge5] o^e,d}) 23... dxe5 24. Nxe5+ Ke8 $8 (24... Kc7 $2 25. d6+
$1 $18 {loses a R.}) 25. Rhc1 Rh7 (25... Bf5 26. Rb7 $18 {->}) 26. Rxc5 Bf5 27.
Rd1 {[%csl Gd5] o^d5} (27. Rbc1 $143 Rd8) 27... Rb8 28. d6 Rb4 29. d7+ $6 (29.
Rdc1 $142 $1 {[%cal Rc5c8] /\Rc8!} Rb8 (29... Re4+ 30. Kf1 Kd8 31. Nc6+ $18)
30. Rc7 $18) 29... Bxd7 30. Rxd7 Rxd7 $6 $138 {Loses a piece.} (30... Re4+ $142
31. Kd3 Rxe5 32. Rxe5+ Kxd7 33. Rxg5 Rf7 34. f3 $18 {_|_ The R-endgame a pawn
down with a passive R and weak pawns is hopeless anyway.}) 31. Rc8+ $1 (31.
Rc8+ Rd8 (31... Ke7 32. Nc6+ $18) 32. Rxd8+ Kxd8 33. Nc6+ $18) 1-0

[Event "Interzonal-13c"]
[Site "Biel"]
[Date "1985.07.14"]
[Round "9"]
[White "Rodriguez Cespedes, Amador"]
[Black "Martin Gonzalez, Angel"]
[Result "1-0"]
[WhiteElo "2505"]
[BlackElo "2430"]
[Annotator "Stohl,I"]
[PlyCount "79"]
[EventDate "1985.07.02"]
[EventType "tourn"]
[EventRounds "17"]
[EventCountry "SUI"]
[EventCategory "12"]
[SourceTitle "IZT"]
[Source "ChessBase"]
[SourceDate "1999.07.01"]
[SourceVersion "1"]
[SourceVersionDate "1999.07.01"]
[SourceQuality "1"]

1. d4 Nf6 2. c4 e6 3. Nf3 c5 4. d5 b5 5. Bg5 h6 6. Bxf6 Qxf6 7. Qc2 b4 8. e4 g5
9. Nbd2 g4 10. Ng1 Bg7 11. Rb1 d6 12. Bd3 Nd7 13. Ne2 Ne5 14. O-O h5 15. f4
gxf3 16. Nxf3 Qh6 17. Nxe5 Bxe5 18. Kh1 h4 19. Ng1 Qg7 (19... Bd7 $5) 20. Nf3
Bf4 21. a3 a5 $6 (21... bxa3 22. Qa4+ Bd7 23. Qxa3 $14) 22. axb4 axb4 23. Ra1
Rxa1 24. Rxa1 Rg8 (24... h3 $5 25. g3 Be3 26. Ra8 O-O $13) 25. Ra8 b3 26. Qf2 (
26. Rxc8+ $2 Kd7 27. Rxg8 bxc2 $19) 26... Kd7 27. Nxh4 Qh6 28. g3 Rh8 29. e5 (
29. Rb8 $5) 29... Ke7 $2 (29... dxe5 30. Qxc5 Bb7 31. Ra7 $18) (29... Kd8 $8)
30. Qxf4 $18 Qxf4 31. gxf4 Rxh4 32. Rxc8 Rxf4 33. Rc7+ Kd8 34. exd6 Rd4 35. Bf1
Rd1 36. Kg1 exd5 37. Rxc5 dxc4 38. Rxc4 Rd2 39. Rc3 Rxb2 40. Bh3 1-0

[Event "Interzonal-13a"]
[Site "Tunis"]
[Date "1985.05.09"]
[Round "10"]
[White "Nikolic, Predrag"]
[Black "Miles, Anthony John"]
[Result "0-1"]
[WhiteElo "2575"]
[BlackElo "2570"]
[Annotator "Stohl,I"]
[PlyCount "58"]
[EventDate "1985.04.27"]
[EventType "tourn"]
[EventRounds "17"]
[EventCountry "TUN"]
[EventCategory "11"]
[SourceTitle "IZT"]
[Source "ChessBase"]
[SourceDate "1999.07.01"]
[SourceVersion "1"]
[SourceVersionDate "1999.07.01"]
[SourceQuality "1"]

1. d4 Nf6 2. c4 e6 3. Nf3 c5 4. d5 b5 5. Bg5 h6 6. Bxf6 Qxf6 7. Qc2 b4 8. Nbd2
g5 9. e4 g4 10. Ng1 Bg7 (10... d6 11. Bd3 Nd7 12. Ne2 Ne5 13. Rb1 Rg8 14. O-O
h5 15. Kh1 Qg5 $132 {Bangiev}) 11. Rb1 h5 12. Bd3 d6 13. Ne2 Nd7 14. f4 gxf3
15. Nxf3 Ne5 16. O-O Qh6 (16... Ng4 $5) 17. Nxe5 Bxe5 18. Kh1 Bd7 19. Ng1 h4
20. Nf3 Bg3 21. e5 (21. a3 $5) 21... dxe5 22. dxe6 Bxe6 23. Bf5 Bxf5 24. Qxf5
Qf4 25. Qh3 Ke7 26. Rbd1 Rad8 27. Rxd8 Rxd8 28. hxg3 hxg3 29. Qh7 $4 (29. Re1
e4 30. Qh4+ Qxh4+ 31. Nxh4 Kf6 32. Rf1+ Kg5 33. Nf5 Rd3 34. b3 a6 35. Kg1 a5
36. Kh1 Kh5 37. Kg1 (37. Ne7 e3 38. Nd5 Kg4 39. Nf4 Rd2 40. Nd5 e2 41. Ne3+ Kg5
42. Re1 Kf4 43. Nd5+ Ke4 44. Kg1 Rd1 $19) 37... Kg5 38. Kh1 $10) 29... Rd6 0-1